000 00819cpcaa2200253 4500
001 mm 79005141
003 DLC
005 20260227111650.0
008 790413|||||||||||| eng
010 _amm 79005141
040 _aDLC
_cDLC
_edacs
_dDLC
072 7 _aL
_2lcmd
100 1 _aCreamer, David,
_d1812-1887.
245 0 0 _aDavid Creamer diaries,
_f1861.
300 _a2
_fitems.
506 0 _aOpen to research.
533 _aIn part, typewritten transcript.
_b[S.l.].
545 0 _aHymnologist.
546 _aCollection material in English.
580 _aForms part of: Miscellaneous Manuscripts collection.
656 7 _aHymnologists.
_2itoamc
999 _c41809
_d41809